000 00897nam a2200181Ia 4500
008 151202s9999||||xx |||||||||||||| ||und||
082 _bPNVM-66530
100 _aकुलकर्णी वसंत.
245 _aमराठी कोश व संदर्भ साधने यांची समग्र सूची ( 1800 - 2003 ).
260 _b"राज्य मराठी विकास संस्था,मुंबई."
260 _c2007
300 _a180
600 _aकुलकर्णी वसंत.
630 _aमराठी कोश व संदर्भ साधने यांची समग्र सूची ( 1800 - 2003 ).
700 _aकुलकर्णी वसंत.
730 _aमराठी कोश व संदर्भ साधने यांची समग्र सूची ( 1800 - 2003 ).
942 _cBOOK
999 _c1333062
_d1333059